Βυζαντιναί μελέται VI : οι Σλάβοι εν Πελοποννήσω
Saved in:
| Main Author: | |
|---|---|
| Format: | Book |
| Language: | Greek |
| Published: |
Θεσσαλονίκη :
Εταιρεία Μακεδονικών Σπουδών,
1947
|
| Series: | Φιλολογική βιβλιοθήκη ;
1 |
| Subjects: | |
| Tags: |
Add Tag
No Tags, Be the first to tag this record!
|
MARC
| LEADER | 00000cam a2200000 i 4500 | ||
|---|---|---|---|
| 001 | 1/3439 | ||
| 008 | 000520s1947 gr | ||| |||| ||gre|| | ||
| 035 | |l 10060798 | ||
| 040 | |a GR-MyUa |b gre |e AACR2 | ||
| 041 | 0 | |a gre | |
| 082 | 7 | |a 938.3 |2 (22) | |
| 100 | 1 | |a Κυριακίδης, Στίλπων Π., |d 1887-1964. | |
| 245 | 1 | 0 | |a Βυζαντιναί μελέται VI : |b οι Σλάβοι εν Πελοποννήσω / |c Στίλπωνος Π. Κυριακίδου |
| 260 | |a Θεσσαλονίκη : |b Εταιρεία Μακεδονικών Σπουδών, |c 1947 | ||
| 300 | |a 105 σ.; |c 24 εκ. | ||
| 490 | 1 | |a (Φιλολογική και Θεολογική ; |v 1) | |
| 500 | |a Περιλαμβάνει ευρετήριο | ||
| 650 | 0 | |a Slavs |z Greece |z Peloponnesus (Peninsula) | |
| 650 | 0 | |a Slavs |z Byzantine Empire |x History. | |
| 651 | 0 | |a Peloponnesus (Greece : Peninsula) |x History. | |
| 830 | 0 | |a Φιλολογική βιβλιοθήκη ; |v 1 | |
| 852 | |a INST |b LESVOS |e 20000520 |h 938.3 ΚΥΡ |p 005100021508 |q 005100021508 |t BK |y 0 | ||
| 852 | |a INST |b LESVOS |e 20000522 |h 938.3 ΚΥΡ |p 005100023571 |q 005100023571 |t BK |y 0 | ||
| 901 | |a BIBL1-2000-2 | ||
| 920 | |a ΔΩΡΕΑ ΒΙΒΛΙΟΘΗΚΗΣ |y ΛΕΣΒΟΣ |z 1996-02 | ||
| 922 | |a 1ΕΛΗ |b 199904 |c ΚΠΣ/ΤΚΑ |d EMVASIS | ||
| 950 | |a 117-1998-01-28 | ||
| 970 | |z 2000/05/ΜΙΧΑΗΛΙΔΟΥ ΑΝΝΑ | ||
| 970 | |z 2000/05/ΔΕΜΕΝΑΓΑΣ (ELIDOC) | ||